| 000 | 01553pam a2200361 a 4500 | ||
|---|---|---|---|
| 001 | golfetiquette00puet | ||
| 003 | CaSfIA | ||
| 005 | 20210118090413.0 | ||
| 007 | cr|||| | ||
| 008 | 920116s1992 nyua 001 0 eng | ||
| 035 | _9(DLC) 92004102 | ||
| 856 | 4 | 1 |
_uhttp://www.archive.org/details/golfetiquette00puet _zFree eBook from the Internet Archive |
| 856 | 4 | 2 |
_uhttp://www.openlibrary.org/books/OL1703055M _zAdditional information and access via Open Library |
| 010 | _a 92004102 | ||
| 020 | _a031207686X | ||
| 040 |
_aDLC _cDLC _dDLC _dCaSfIA |
||
| 050 | 0 | 0 |
_aGV965 _b.P84 1992 |
| 082 | 0 | 0 |
_a796.352 _220 |
| 100 | 1 | _aPuett, Barbara. | |
| 245 | 1 | 0 |
_aGolf etiquette / _h[electronic resource] _cBarbara Puett and Jim Apfelbaum ; illustrations by Carrell Grigsby. |
| 250 | _a1st ed. | ||
| 260 |
_aNew York : _bSt. Martin's, _c1992. |
||
| 300 |
_ax, 162 p. : _bill. ; _c19 cm. |
||
| 500 | _aIncludes index. | ||
| 650 | 0 | _aGolf. | |
| 650 | 0 | _aEtiquette. | |
| 700 | 1 | _aApfelbaum, Jim. | |
| 856 | 4 | 2 |
_3Contributor biographical information _uhttp://www.loc.gov/catdir/bios/hol054/92004102.html |
| 856 | 4 | 2 |
_3Publisher description _uhttp://www.loc.gov/catdir/description/hol054/92004102.html |
| 942 | _cEB | ||
| 506 | _fНеобхідна авторизація на https://archive.org/ (створення облікового запису безкоштовно) | ||
| 506 | _fНеобхідна авторизація на https://openlibrary.org/ (створення облікового запису безкоштовно) | ||
| 999 |
_c502162 _d502162 |
||